AEW All Out 2021 Card - Statistics

General Stats
  • This quiz has been taken 37 times
  • The average score is 19 of 29
Answer Stats
Answer % Correct
Kenny Omega
100%
Christian Cage
93%
Matt Jackson
93%
Nick Jackson
93%
Penta El Zero Miedo
93%
Rey Fenix
93%
Britt Baker
89%
Miro
89%
CM Punk
86%
Darby Allin
86%
Eddie Kingston
86%
Chris Jericho
82%
MJF
82%
Jon Moxley
71%
Matt Hardy
61%
Orange Cassidy
61%
Isiah Kassidy
57%
Jungle Boy
57%
Kris Statlander
57%
Luchasaurus
57%
Marq Quen
54%
Ruby Soho
43%
Paul Wight
39%
QT Marshall
39%
Chuck Taylor
32%
Wheeler Yuta
29%
Angelico
11%
Jack Evans
11%
Satoshi Kojima
11%
No matching quizzes found
Score Distribution
Percent of People with Each Score
Percentile by Number Answered
Your Score History
You have not taken this quiz